| 000 | 00652nam a2200205 a 4500 | ||
|---|---|---|---|
| 003 | CDMR | ||
| 005 | 20140616160003.0 | ||
| 008 | 120220s2012 spc|||||| 000 ||spa|d | ||
| 017 |
_aDL B. 40842-2012 _bBiblioteca de Catalunya |
||
| 020 | _a9788415320197 | ||
| 040 |
_aES-BaBC _bcat _cCDMR |
||
| 100 | 1 |
_aArqués, Neus, _d1963- |
|
| 245 | 1 | 0 |
_aY tú, ¿qué marca eres? _b: 14 claves para gestionar tu reputación personal _cNeus Arqués |
| 250 | _aNueva ed. ampliada y actualizada | ||
| 260 |
_aBarcelona _bAlienta _ccop. 2012 |
||
| 300 |
_a142 p. _c21 cm |
||
| 504 | _aBibliografia | ||
| 650 | 7 |
_aMàrqueting de relacions _2lemac |
|
| 942 |
_cMON _2udc |
||
| 999 |
_c6713 _d6713 |
||